The AIR manual : (Record no. 22611)

MARC details
000 -LEADER
fixed length control field 00934nam a2200253 a 4500
005 - DATE AND TIME OF LATEST TRANSACTION
control field 20171103151040.0
008 - FIXED-LENGTH DATA ELEMENTS--GENERAL INFORMATION
fixed length control field 941006m19891999ii lw 000 0 eng http://192.168.1.99:8093/cgi-bin/koha/cataloguing/addbiblio.pl?biblionumber=0&z3950=1&frameworkcode=BKS&breedingid=7591#
010 ## - LCCN (DPL NO)
LC control number ENG-92684
020 ## - INTERNATIONAL STANDARD BOOK NUMBER
Terms of availability 500.00 (app.)
035 ## - SYSTEM CONTROL NUMBER
System control number EN-76216
037 ## - SOURCE OF ACQUISITION
Source of stock number/acquisition DBAD / PUB
040 ## - CATALOGING SOURCE
Original cataloging agency dpl
Language of cataloging English
082 ## - DEWEY DECIMAL CLASSIFICATION NUMBER
Classification number 347.052
100 ## - MAIN ENTRY--PERSONAL NAME
Personal name Manohar, V.R.
9 (RLIN) 16080
110 ## - MAIN ENTRY--CORPORATE NAME
Corporate name or jurisdiction name as entry element India.
9 (RLIN) 16081
240 ## - UNIFORM TITLE
Uniform title <a href="Laws, etc. (A.I.R. manual)">Laws, etc. (A.I.R. manual)</a>
245 ## - TITLE STATEMENT
Title The AIR manual :
Remainder of title unrepealed central acts (civil and criminal) /
Statement of responsibility, etc by V.R. Manohar & W.W. Chitaley.
250 ## - EDITION STATEMENT
Edition statement 6th ed.
260 ## - PUBLICATION, DISTRIBUTION, ETC. (IMPRINT)
Place of publication, distribution, etc Nagpur :
Name of publisher, distributor, etc All India Reporter,
Date of publication, distribution, etc 2004
300 ## - PHYSICAL DESCRIPTION
Extent v.15(xx, 1236p.)
Dimensions 25 cm (Hb)
500 ## - GENERAL NOTE
General note The price of the book has been fixed Rs.500.00 (app.)
700 ## - ADDED ENTRY--PERSONAL NAME
Personal name Chitaley, W. W.
9 (RLIN) 16082
942 ## - ADDED ENTRY ELEMENTS (KOHA)
Source of classification or shelving scheme Dewey Decimal Classification
Item type English Books
Classification part 347.052
Call number suffix MAN
Holdings
Withdrawn status Lost status Source of classification or shelving scheme Materials specified (bound volume or other part) Damaged status Not for loan Collection code Home library Current library Date acquired Source of acquisition Cost, normal purchase price Total Checkouts Full call number Barcode Date last seen Copy number Cost, replacement price Koha item type Public note
    Dewey Decimal Classification v.15   Not For Loan Non-fiction D.B.Act.Division D.B.Act.Division 30/01/2009 DBAD / PUB 500.00   347.052 MAN EN-76217 30/01/2009 1 500.00 English Books v.15

© Delhi Public Library
Hit Counter
free hit counter